Statistics for the funny

Click here to take the quiz!

General Stats

  • This quiz has been taken 10 times
    (4 since last reset)
  • The average score is 1 of 370

Answer Stats

Answer% Correct
sc2
75%
jim raynor
25%
sc1
25%
abathur
0%
aberration
0%
ability
0%
adept
0%
aegis guard
0%
agria
0%
air
0%
aiur
0%
altitude
0%
amon
0%
announcer
0%
arcade
0%
archangel
0%
archon
0%
arcturus mengsk
0%
ares
0%
armor
0%
armored
0%
armory
0%
artanis
0%
artosilope
0%
artosis
0%
artosis cleaning bot
0%
ata laser batteries
0%
attack
0%
att laser battieries
0%
baneling
0%
baneling nest
0%
banshee
0%
barracks
0%
barrier
0%
battlecruiser
0%
biological
0%
blink
0%
broodling
0%
brood lord
0%
broodmother
0%
brood war
0%
brutalisk
0%
brutalize
0%
build
0%
bunker
0%
burrow
0%
campaign
0%
canister rifle
0%
cantina
0%
carrier
0%
changeling
0%
char
0%
charge
0%
chrono boost
0%
civilian
0%
claws
0%
cliff
0%
cloak
0%
colossus
0%
combat shield
0%
command center
0%
concord cannon
0%
concussive shells
0%
confederacy
0%
co op
0%
corruptor
0%
crab beetle
0%
creep
0%
creep tumor
0%
crooked sam
0%
cybernetics core
0%
cyclone
0%
damage
0%
dark archon
0%
dark templar
0%
death head
0%
defiler
0%
detector
0%
devastation turret
0%
devil dog
0%
diamondback
0%
disruptor
0%
impaler
0%
dominion
0%
dominion laborer
0%
donny vermillion
0%
drakken laser drill
0%
drone
0%
earthsplitter ordinance
0%
elite marauder
0%
elite marine
0%
emerald city
0%
emp
0%
engineering bay
0%
evolution chamber
0%
factory
0%
fast forward
0%
feedback
0%
female karak
0%
fenix
0%
firebat
0%
flashback
0%
fleet beacon
0%
force field
0%
forge
0%
frenzied
0%
fusion core
0%
fusion cutter
0%
gateway
0%
gauss rifle
0%
ghost
0%
ghost academy
0%
glaive wurm
0%
golden armada
0%
goliath
0%
greater spire
0%
ground
0%
guardian
0%
hammer security
0%
hans
0%
hanson
0%
hatchery
0%
heal
0%
health
0%
heart of the swarm
0%
hellbat
0%
hellion
0%
hel's angels
0%
herc
0%
hercules
0%
hero
0%
heroic
0%
high templar
0%
hive
0%
hive mind
0%
hive mind emulator
0%
hold fire
0%
hold position
0%
horner
0%
hybrid
0%
hybrid dominator
0%
hybrid nemesis
0%
hydralisk
0%
hydralisk den
0%
hyperion
0%
immortal
0%
infestation pit
0%
infested marine
0%
infested terran
0%
infestor
0%
instigator
0%
interceptor
0%
jackson's revenge
0%
james raynor
0%
joeyray's bar
0%
joeyrays bar
0%
kaiser blades
0%
karak
0%
kate lockwell
0%
kerrigan
0%
khala
0%
khaydarin monolith
0%
kiting
0%
korhal
0%
lair
0%
larva
0%
legacy of the void
0%
legionnaire
0%
lemon juice
0%
leviathan
0%
lexington rockets
0%
liberator
0%
lift off
0%
light
0%
load
0%
locust
0%
lost viking
0%
lowko
0%
lurker
0%
lurker den
0%
macro
0%
male karak
0%
marauder
0%
marine
0%
massive
0%
mechanical
0%
medic
0%
medivac
0%
mengsk
0%
merc compound
0%
mercenary
0%
mercenary compound
0%
micro
0%
miles blaze lewis
0%
miner
0%
mineral
0%
missile turret
0%
mod
0%
morph
0%
mothership
0%
move
0%
mule
0%
mutalisk
0%
mutate
0%
narud
0%
needle claws
0%
nerazim
0%
neural parasite
0%
nexus
0%
nova
0%
nova covert ops
0%
nuke
0%
observer
0%
odin
0%
oracle
0%
orbital command
0%
orbital depot
0%
ouros
0%
overlord
0%
overmind
0%
overseer
0%
particle disruptors
0%
patrol
0%
perdition turret
0%
phoenix
0%
photon cannon
0%
planetary fortress
0%
power
0%
power field
0%
predator
0%
primal roach
0%
primal ultralisk
0%
primal zerg
0%
primal zergling
0%
prismatic alignment
0%
probe
0%
protoss
0%
psi
0%
psi blades
0%
psionic
0%
psionic storm
0%
punisher grenades
0%
purification nova
0%
purifier
0%
pylon
0%
queen
0%
queen of blades
0%
queue
0%
railgun turret
0%
range
0%
rapid regeneration
0%
ravager
0%
raven
0%
raynor
0%
reactor
0%
reaper
0%
replay
0%
research
0%
resonance glaive
0%
roach
0%
roach warren
0%
robotics bay
0%
robotics facility
0%
rocks
0%
scanner sweep
0%
scantipede
0%
scatter cannon
0%
science vessel
0%
scourge
0%
scout
0%
scv
0%
selendis
0%
sensor tower
0%
sentry
0%
shadow stride
0%
shakuras
0%
shield
0%
shock division
0%
shuttle
0%
siege tank
0%
slayer
0%
snipe
0%
son of korhal
0%
soverign battlecruiser
0%
spartan company
0%
spawning pool
0%
spectre
0%
spine crawler
0%
spire
0%
splash
0%
spore crawler
0%
stalker
0%
stank
0%
starcraft
0%
stargate
0%
starport
0%
stasis ward
0%
stetmann
0%
stimpack
0%
stop
0%
strategic recall
0%
stukov
0%
supply
0%
supply bunker
0%
supply depot
0%
swann
0%
swarm
0%
swarm host
0%
swarmling
0%
tactical jump
0%
tassadar
0%
tech lab
0%
tech reactor
0%
tectonic destabilizers
0%
tempest
0%
templar
0%
templar caste
0%
terran
0%
terran up the night
0%
terrazine
0%
thermal lance
0%
thor
0%
tosh
0%
tower defense
0%
train
0%
transfusion
0%
tug of war
0%
tutorial
0%
tychus
0%
tychus findlay
0%
typhoon missile pod
0%
ultralisk
0%
ultralisk cavern
0%
unbuildable plate
0%
unit
0%
unn
0%
uproot
0%
ursadak
0%
valerian mengsk
0%
vanguard
0%
vega
0%
versus
0%
vespene
0%
viking
0%
viper
0%
void ray
0%
volatile burst
0%
warhound
0%
warp
0%
warp gate
0%
war pig
0%
warp prism
0%
war prism
0%
warp robotics facility
0%
warp stargate
0%
widow mine
0%
wings of liberty
0%
winter
0%
wrathwalker
0%
xel naga
0%
xel naga enforcer
0%
yamato cannon
0%
zagara
0%
zealot
0%
zeratul
0%
zerg
0%
zergling
0%

Score Distribution

Percentile by Number Answered

Percent of People with Each Score

Your Score History

You have not taken this quiz since the last reset